Dinh dưỡng thể thao sức khỏe và cuộc sống

Cuốn sách giúp bạn đọc hiểu biết thêm về chế độ ăn uống và dinh dưỡng hàng ngày kết hợp với tập thể dục thể thao để có những điều chỉnh kịp thời cho phù hợp, mang lại sức khỏe cho chính bản thân mình, gồm các phần: Mấu chốt của s...

Descripció completa

Guardat en:
Dades bibliogràfiques
Autor principal: Trọng Đức
Altres autors: Hải Bình
Format: Llibre
Idioma:Undetermined
Publicat: H. Thể dục Thể thao 2016
Matèries:
Accés en línia:http://lrc.tdmu.edu.vn/opac/search/detail.asp?aID=2&ID=26432
Etiquetes: Afegir etiqueta
Sense etiquetes, Sigues el primer a etiquetar aquest registre!
Thư viện lưu trữ: Trung tâm Học liệu Trường Đại học Thủ Dầu Một
LEADER 01219nam a2200217Ia 4500
001 TDMU_26432
008 210410s9999 xx 000 0 und d
082 |a 895.922334 
090 |b TR431 
100 |a Trọng Đức 
245 0 |a Dinh dưỡng thể thao sức khỏe và cuộc sống 
245 0 |c Trọng Đức, Hải Bình 
260 |a H. 
260 |b Thể dục Thể thao 
260 |c 2016 
300 |a 159tr. 
520 |a Cuốn sách giúp bạn đọc hiểu biết thêm về chế độ ăn uống và dinh dưỡng hàng ngày kết hợp với tập thể dục thể thao để có những điều chỉnh kịp thời cho phù hợp, mang lại sức khỏe cho chính bản thân mình, gồm các phần: Mấu chốt của sức khỏe; Ăn uống cứu mạng chúng ta; Những bí quyết để cứu mạng chúng ta 
650 |a Thể thao  |x Chế độ dinh dưỡng; Sức khỏe con người 
700 |a Hải Bình 
856 |u http://lrc.tdmu.edu.vn/opac/search/detail.asp?aID=2&ID=26432 
980 |a Trung tâm Học liệu Trường Đại học Thủ Dầu Một